<?xml version="1.0" encoding="UTF-8"?>
<record
    xmlns:xsi="http://www.w3.org/2001/XMLSchema-instance"
    xsi:schemaLocation="http://www.loc.gov/MARC21/slim http://www.loc.gov/standards/marcxml/schema/MARC21slim.xsd"
    xmlns="http://www.loc.gov/MARC21/slim">

  <leader>01141nam a22002537a 4500</leader>
  <datafield tag="952" ind1=" " ind2=" ">
    <subfield code="a">0001</subfield>
    <subfield code="b">0001</subfield>
    <subfield code="d">2024-02-29</subfield>
    <subfield code="l">0</subfield>
    <subfield code="o">780 M99 2016</subfield>
    <subfield code="p">21372</subfield>
    <subfield code="r">2024-02-29 00:00:00</subfield>
    <subfield code="w">2024-02-29</subfield>
    <subfield code="y">BKS</subfield>
  </datafield>
  <datafield tag="999" ind1=" " ind2=" ">
    <subfield code="c">15506</subfield>
    <subfield code="d">15506</subfield>
  </datafield>
  <controlfield tag="003">MIRAKIL</controlfield>
  <controlfield tag="005">20240229135621.0</controlfield>
  <controlfield tag="008">240229b        tu ||||| |||| 00| 0 tur d</controlfield>
  <datafield tag="020" ind1=" " ind2=" ">
    <subfield code="a">9786056527920</subfield>
  </datafield>
  <datafield tag="040" ind1=" " ind2=" ">
    <subfield code="a">TR-AnCHP</subfield>
    <subfield code="c">TR-AnCHP</subfield>
  </datafield>
  <datafield tag="041" ind1=" " ind2=" ">
    <subfield code="a">tur</subfield>
  </datafield>
  <datafield tag="082" ind1=" " ind2=" ">
    <subfield code="a">780</subfield>
    <subfield code="b">M99 2016</subfield>
  </datafield>
  <datafield tag="090" ind1=" " ind2=" ">
    <subfield code="a">780 M99 2016</subfield>
  </datafield>
  <datafield tag="245" ind1="1" ind2="0">
    <subfield code="a">M&#xDC;ZED B&#xF6;lge Konferans&#x131; :</subfield>
    <subfield code="b">&#x130;pek Yolu'nda m&#xFC;zik k&#xFC;lt&#xFC;r&#xFC; ve e&#x11F;itimi : bildiri &#xF6;zetleri, 17-19 Nisan 2014, &#x130;stanbul = MUZED Regional Conference : Music culture &amp; education on the silk road : proceedings, 17-19 April 2014, &#x130;stanbul /</subfield>
    <subfield code="c">yay&#x131;na haz&#x131;rlayanlar: Suna &#xC7;evik ...[ve ba&#x15F;kalar&#x131;]</subfield>
  </datafield>
  <datafield tag="246" ind1=" " ind2=" ">
    <subfield code="a">&#x130;pek Yolu'nda m&#xFC;zik k&#xFC;lt&#xFC;r&#xFC; ve e&#x11F;itimi</subfield>
  </datafield>
  <datafield tag="246" ind1=" " ind2=" ">
    <subfield code="a">Music culture &amp; education on the silk road</subfield>
  </datafield>
  <datafield tag="246" ind1=" " ind2=" ">
    <subfield code="a">MUZED Regional Conference</subfield>
  </datafield>
  <datafield tag="260" ind1=" " ind2=" ">
    <subfield code="a">Ankara :</subfield>
    <subfield code="b">Sevda- Cenap And M&#xFC;zik Vakf&#x131; Yay&#x131;nlar&#x131;,</subfield>
    <subfield code="c">2016</subfield>
  </datafield>
  <datafield tag="300" ind1=" " ind2=" ">
    <subfield code="a">xxi, 149 s. :</subfield>
    <subfield code="b">foto&#x11F;., hrt., tbl. ;</subfield>
    <subfield code="c">30 cm. +</subfield>
    <subfield code="e">1 CD</subfield>
  </datafield>
  <datafield tag="500" ind1=" " ind2=" ">
    <subfield code="a">Metin, T&#xFC;rk&#xE7;e-&#x130;ngilizce paralel
</subfield>
  </datafield>
  <datafield tag="650" ind1=" " ind2="0">
    <subfield code="9">5893</subfield>
    <subfield code="a">M&#xFC;zik</subfield>
    <subfield code="x">Konferanslar</subfield>
  </datafield>
  <datafield tag="856" ind1=" " ind2=" ">
    <subfield code="z">Dijital N&#xFC;shas&#x131; i&#xE7;in Partimizin K&#xFC;t&#xFC;phane Sorumlusu ile ileti&#x15F;ime ge&#xE7;iniz.</subfield>
  </datafield>
  <datafield tag="942" ind1=" " ind2=" ">
    <subfield code="2">ddc</subfield>
    <subfield code="c">BKS</subfield>
  </datafield>
</record>
